Lorde Songs by Lyrics - Statistics

General Stats
  • This quiz has been taken 253 times
  • The average score is 11 of 15
Answer Stats
Hint Answer % Correct
In your car, the radio up
In your car, the radio up
We keep trying to talk about us
Slow motion, I'm watching our love
Supercut
92%
I want 'em back, I want 'em back The minds we had, the minds we had How all the thoughts, how all the thoughts Moved 'round our heads, moved 'round our heads Ribs
90%
The truth is I am a toy that people enjoy Till all of the tricks don't work anymore And then they are bored of me Liability
89%
My friends and I, we've cracked the code We count our dollars on the train to the party Royals
88%
Thought you said that you would always be in love But you're not in love no more Green Light
85%
Every night, I live and die Meet somebody, take 'em home Let's kiss and then take off our clothes Perfect Places
82%
Okay, I know that you are not my type (Still I fall) I'm just the sucker who let you fill her mind (But what about love?) The Louvre
75%
Pretty soon, I'll be getting On my first plane I'll see the veins of my city Like they do in space Tennis Court
74%
Acid green, aquamarine The girls are dancing in the sand Solar Power
73%
The men up on the news They try to tell us all that we will lose Buzzcut Season
71%
'Cause I remember the rush, when forever was us Before all of the winds of regret and mistrust Hard Feelings/Loveless
62%
All my fake friends and all of their noise Complain about work They're studying business, I study the floor A World Alone
59%
I still feel you, now and then Slow like pseudo-ephedrine When you see me, will you say I've changed? Writer in the Dark
59%
Can't seem to find what's wrong
The whole world is letting me down
Don't you think the early 2000s seem so far away?
Mood Ring
54%
Got a memory of waiting in your bed wearing only my earrings
We'd go dancing all over the landmines under our town
But the sun has to rise
Stoned at the Nail Salon
51%
No matching quizzes found
Score Distribution
Percent of People with Each Score
Percentile by Number Answered
Your Score History
You have not taken this quiz